| 000 | 01028nas a2200277 i 4500 | ||
|---|---|---|---|
| 003 | DO-SdBNP | ||
| 005 | 20260520120100.0 | ||
| 007 | ta | ||
| 008 | 260520e2015 dr qn|p|r||||||0| |0spa d | ||
| 040 |
_aDO-SdBNP _bspa _cBNPHU _erda |
||
| 041 | _aspa | ||
| 110 |
_aCreartex _989676 |
||
| 245 |
_aSomos : _bgastronomía, salud y bienestar / _cCreartex. |
||
| 264 |
_aSanto Domingo , República Dominicana : _bCreartex. _c2015. |
||
| 300 |
_avolumen : _bilustraciones, fotografías, mapas ; _c30 x 22 cm. |
||
| 310 | _aanual | ||
| 336 |
_atexto _btxt _2rdacontent |
||
| 337 |
_asin mediación _bn _2rdamedia |
||
| 338 |
_avolumen _bnc _2rdacarrier |
||
| 362 | _aAño 7. septiembre-noviembre, 2015. | ||
| 520 | _aNueva vez queremos compartir con todos nuestros lectores esta producción salpicada de gustos, sabores, salud y bienestar. | ||
| 650 | 0 |
_aGastronomía _9362 _vPublicaciones periódicas |
|
| 650 | 0 |
_aSalud _91687 _vPublicaciones periódicas |
|
| 650 | 0 |
_aBienestar _989677 _vPublicaciones periódicas |
|
| 942 |
_2ddc _cISSUE |
||
| 999 |
_c60793 _d60793 |
||